Jsou podniky připraveny pro tržní ekonomiku?
Rámcové zovšeobecnenie súčasnej klímy v podnikoch vzhľadom na realizáciu potrebných zmien. Miera centralizácie a decentralizácie riadenia. Úroveň motivácie. Kritická analýza súčasného systému riadenia vrcholových vedení organizácií. Popis postupu pre zaistenie prosperity organizácie na základe skúse...
Salvato in:
| Autore principale: | |
|---|---|
| Natura: | Capitolo di libro |
| Lingua: | ceco |
| Soggetti: | |
| Tags: |
Nessun Tag, puoi essere il primo ad aggiungerne!!
|
MARC
| LEADER | 00000naa a2200000 4500 | ||
|---|---|---|---|
| 001 | r003712 | ||
| 005 | 20221125080824.1 | ||
| 041 | 0 | |a cze | |
| 044 | |a [CS] | ||
| 245 | 1 | 0 | |a Jsou podniky připraveny pro tržní ekonomiku? |c M. Rabiška |
| 520 | |a Rámcové zovšeobecnenie súčasnej klímy v podnikoch vzhľadom na realizáciu potrebných zmien. Miera centralizácie a decentralizácie riadenia. Úroveň motivácie. Kritická analýza súčasného systému riadenia vrcholových vedení organizácií. Popis postupu pre zaistenie prosperity organizácie na základe skúseností a poznatkov zahraničných firiem. | ||
| 610 | 2 | 0 | |a hospodárstvo trhové |
| 610 | 2 | 0 | |a mechanizmus trhový |
| 610 | 2 | 0 | |a podnik |
| 610 | 2 | 0 | |a riadenie podnikové |
| 610 | 2 | 0 | |a systémy riadenia |
| 100 | 1 | |a Rabiška, M. | |